| 000 | 01572nam a2200421Ii 4500 | ||
|---|---|---|---|
| 001 | DIGVERBUM1608 | ||
| 003 | NyNyDIG | ||
| 006 | m o d | ||
| 007 | cr ||||||||||| | ||
| 008 | 250204s2009 sp a o 000 0 spa d | ||
| 035 | _a(OCoLC)1500527525 | ||
| 040 |
_aDGITA _beng _erda _epn _cDGITA |
||
| 020 | _z9788479625283 | ||
| 043 | _afb----- | ||
| 050 | 1 | 4 | _aDT348 ebook |
| 245 | 0 | 0 |
_aAfricaníssimo : _buna aproximación multidisciplinar a las culturas negroafricanas / _cOlga Barrios (editora) |
| 264 | 1 |
_aLa Poveda (Arganda del Rey), Madrid : _bEditorial Verbum, _c[2009] |
|
| 300 |
_a1 online resource : _billustrations. |
||
| 336 |
_atext _btxt _2rdacontent |
||
| 337 |
_acomputer _bc _2rdamedia |
||
| 338 |
_aonline resource _bcr _2rdacarrier |
||
| 347 |
_atext file _2rdaft |
||
| 347 | _bPDF | ||
| 490 | 1 | _aBiblioteca hispanoafricana | |
| 588 | 0 | _aOnline resource; title from PDF title page (Digitalia, viewed February 4, 2025) | |
| 651 | 0 |
_aAfrica, Sub-Saharan _xCivilization. |
|
| 650 | 0 | _aArts, African. | |
| 650 | 0 | _aAfrican literature. | |
| 650 | 0 |
_aHuman rights _zAfrica, Sub-Saharan. |
|
| 700 | 1 |
_aBarrios, Olga, _eeditor. |
|
| 791 | 2 |
_aDigitalia (Firm), _edistributor. |
|
| 793 | 0 |
_gDigitalia eBook Collection: _aVerbum |
|
| 776 | 0 | 8 |
_iPrint version: _tAfricaníssimo. _dLa Poveda (Arganda del Rey), Madrid : Editorial Verbum, [2009] _z9788479625283 |
| 830 | 0 | _aBiblioteca hispanoafricana. | |
| 856 | 4 | 0 |
_3Digitalia Hispánica _uhttps://www.digitaliapublishing.com/a/139773/ |
| 910 | _aPremium collection: 2025 | ||
| 942 | _cRAA | ||
| 999 |
_c285269 _d285269 |
||